00598cam a2200205 a 4500020001500000040000800015082002600023245006700049260004300116300003300159490001000192500005600202650001100258650001100269650001100280650002100291700003300312700002300345700002400368 a0803124082 cDLC00a620 AST 1997 A091 Or.00aEffects of the environment on the initiation of crack growth / aWest Conshohocken, PA :bASTM,cc1997. aix, 302 p. :bill. ;c24 cm.1 aSTP ; a"ASTM publication code number (PCN): 04-012980-30." 0aMetals 0aMetals 0aMetals 0aNuclear reactors1 aVan der Sluys, William Alan.1 aPiascik, Robert S.1 aZawierucha, Robert,